[Event "Interno Biblioteca Torre Blanca"]
[Site "?"]
[Date "2006.05.31"]
[Round "7"]
[White "Montoro, Gustavo E"]
[Black "Bernal, Gustavo"]
[Result "1-0"]
[WhiteElo "2097"]
[BlackElo "2138"]
[PlyCount "103"]
[EventDate "2006.05.11"]

1. e4 c5 2. Nc3 Nc6 3. f4 g6 4. Nf3 Bg7 5. Bb5 Nd4 6. O-O Nxb5 7. Nxb5 d5 8. e5
d4 9. c4 Nh6 10. d3 O-O 11. h3 a6 12. Na3 Rb8 13. Bd2 b5 14. g4 b4 15. Nc2 f5
16. g5 Nf7 17. b3 Qd7 18. Qe2 Nd8 19. h4 Ne6 20. h5 Rd8 21. Nh4 Nf8 22. h6 Bh8
23. a3 a5 24. axb4 axb4 25. Ra5 Ne6 26. Rfa1 Bb7 27. Kf2 Ra8 28. Qe1 Qc7 29.
Rxa8 Rxa8 30. Rxa8+ Bxa8 31. Qg1 Kf7 32. Nf3 Qb7 33. Qd1 Ke8 34. Nce1 Qa6 35.
Qb1 Qa3 36. Bc1 Qa6 37. Kg3 Kf7 38. Bb2 Ke8 39. Qa1 Qc6 40. Qa7 Qc8 41. Bc1 Kf7
42. Qb6 Bb7 43. Bd2 Qa8 44. Bxb4 cxb4 45. Qxb4 Bxf3 46. Nxf3 Qa1 47. Qb8 Qc1
48. Qxh8 Qxf4+ 49. Kg2 Qg4+ 50. Kf2 Nf4 51. e6+ Nxe6 52. Ne5# 1-0

[Event "Interno Biblioteca Torre Blanca"]
[Site "?"]
[Date "2006.05.31"]
[Round "7"]
[White "Maucci, Marcelo"]
[Black "Pedro, Fernando"]
[Result "0-1"]
[WhiteElo "2010"]
[BlackElo "2154"]
[PlyCount "32"]
[EventDate "2006.05.11"]

1. e4 d6 2. d4 Nd7 3. Nc3 Ngf6 4. Nf3 e5 5. dxe5 dxe5 6. Bc4 Be7 7. O-O c6 8.
a4 Qc7 9. a5 h6 10. h3 g5 11. h4 Nh7 12. Nh2 Ndf8 13. Be3 Rg8 14. Qe2 gxh4 15.
Bxh6 Bh3 16. f4 Bc5+ 0-1

[Event "Match por el Título del Circulo PeonRey"]
[Site "Buenos Aires"]
[Date "????.??.??"]
[Round "1"]
[White "Gibson, Tomas"]
[Black "Quarracino, Carlos"]
[Result "0-1"]
[WhiteElo "2175"]
[BlackElo "2244"]
[PlyCount "104"]
[EventDate "2006.09.20"]
[SourceDate "2006.09.20"]

1. d4 d5 2. c4 dxc4 3. e4 e5 4. Nf3 Bb4+ 5. Nc3 exd4 6. Qxd4 Qxd4 7. Nxd4 Nf6
8. f3 Bc5 9. Be3 Nc6 10. Nc2 Bxe3 11. Nxe3 Be6 12. O-O-O Nd7 13. Bxc4 Bxc4 14.
Nxc4 O-O-O 15. Rd5 Rhe8 16. Rg5 g6 17. Rd1 Nde5 18. Rxd8+ Kxd8 19. Nxe5 Nxe5
20. Nd5 h6 21. Rg3 c6 22. Nc3 g5 23. Rh3 Re6 24. Ne2 Nd3+ 25. Kb1 Rd6 26. g4
Ne1 27. Kc1 Nd3+ 28. Kc2 Ne1+ 29. Kc1 Nd3+ 30. Kc2 Ne1+ 31. Kc1 Rd3 32. Rxh6
Nxf3 33. Ng3 Nxh2 34. Nf5 Nxg4 35. Rh8+ Kc7 36. Rg8 Ne3 37. b3 Nxf5 38. exf5 f6
39. Rf8 Rd6 40. Rf7+ Kb6 41. Kc2 a5 42. Kc3 Kc5 43. a3 b5 44. b4+ axb4+ 45.
axb4+ Kd5 46. Re7 c5 47. bxc5 Kxc5 48. Rc7+ Kd5 49. Re7 g4 50. Kb4 g3 51. Re2
Rd7 52. Rd2+ Kc6 0-1

[Event "Match por el Título del Circulo PeonRey"]
[Site "Buenos Aires"]
[Date "????.??.??"]
[Round "2"]
[White "Quarracino, Carlos"]
[Black "Gibson, Tomas"]
[Result "1/2-1/2"]
[WhiteElo "2244"]
[BlackElo "2175"]
[PlyCount "59"]
[EventDate "2006.09.20"]
[SourceDate "2006.09.20"]

1. e4 c6 2. d4 d5 3. e5 Bf5 4. c4 e6 5. Nc3 Ne7 6. a3 dxc4 7. Bxc4 Nd7 8. Nge2
Nb6 9. Bb3 Qd7 10. O-O O-O-O 11. a4 Nbd5 12. a5 Nb4 13. Ra4 Ned5 14. Ng3 Bd3
15. Re1 Bb5 16. Ra1 Kb8 17. Nge4 Nxc3 18. bxc3 Nd3 19. Bg5 Nxe1 20. Bxd8 Nxg2
21. Bg5 h6 22. Kxg2 hxg5 23. c4 Rh4 24. Nxg5 Rxd4 25. Qh5 Bxc4 26. Bxc4 Rxc4
27. Rd1 Rd4 28. Rxd4 Qxd4 29. Qxf7 Qg4+ 30. Kf1 1/2-1/2

[Event "Match por el Título del Circulo PeonRey"]
[Site "Buenos Aires"]
[Date "2006.10.01"]
[Round "4"]
[White "Quarracino, Carlos"]
[Black "Gibson, Tomas"]
[Result "0-1"]
[WhiteElo "2244"]
[BlackElo "2175"]
[PlyCount "49"]
[EventDate "2006.09.20"]
[SourceDate "2006.09.20"]

1. e4 c6 2. d4 d5 3. Nc3 dxe4 4. Nxe4 Bf5 5. Ng3 Bg6 6. h4 h6 7. Nf3 Nd7 8. h5
Bh7 9. Bd3 Bxd3 10. Qxd3 e6 11. Bf4 Qa5+ 12. c3 Ngf6 13. a4 Nd5 14. Bd2 Qc7 15.
O-O Bd6 16. Ne4 N5f6 17. Rfe1 O-O 18. Nxd6 Qxd6 19. Ne5 Nxe5 20. Rxe5 Ng4 21.
Re4 Qh2+ 22. Kf1 Qxh5 23. Qg3 f5 24. Ree1 f4 25. Qh3 0-1

[Event "Match por el título del Circulo PeonRey"]
[Site "?"]
[Date "2006.10.09"]
[Round "5"]
[White "Gibson, Tomas"]
[Black "Quarracino, Carlos"]
[Result "1/2-1/2"]
[WhiteElo "2175"]
[BlackElo "2244"]
[Annotator "Quarracino,C"]
[PlyCount "113"]
[EventDate "2006.??.??"]

1. d4 Nf6 2. c4 g6 3. Nc3 Bg7 4. e4 d6 5. Nf3 O-O 6. Be2 e5 7. O-O Na6 8. Be3
Ng4 9. Bg5 Qe8 10. dxe5 dxe5 11. h3 f6 12. Bd2 Nh6 13. Rb1 Nf7 14. b4 c6 15.
Be3 Qe7 16. Qa4 f5 17. b5 f4 18. Bc1 Nc5 19. Qa5 Qd8 20. b6 Ne6 21. Ba3 Re8 22.
Qa4 a6 23. Rfd1 Nd4 24. Bc5 Ng5 25. Kh1 Ngxf3 26. Bxf3 Qh4 27. Bxd4 exd4 28.
Ne2 Bxh3 29. Kg1 Qg5 30. Kf1 Bg4 31. Nxd4 c5 $6 (31... Bxd4 $1 32. Rxd4 Qh4 33.
Kg1 Bxf3 34. gxf3 Re5 35. Qd1 Rh5 36. Kf1 Qf6 37. Ke2 Rh1 38. Qxh1 Qxd4) 32.
Ne2 Bxf3 33. gxf3 Qh5 34. Ng1 Bd4 35. Qd7 Rad8 36. Qh3 Qe5 37. Qh4 Rd6 38. Nh3
Rf8 39. a4 Qe6 40. Ng5 Qxc4+ 41. Kg2 h5 42. e5 $1 Bxe5 43. Rxd6 Bxd6 44. Ne4
Qd4 45. Qg5 Kg7 46. Re1 Rf7 47. Qd8 Be7 48. Qc8 Qd5 49. Re2 Bf8 50. Rd2 Qf5 51.
Qd8 Be7 52. Qe8 g5 $6 $138 53. Rd7 Bf8 $2 54. Rxf7+ Qxf7 55. Qe5+ Kg8 56. Nxg5
Qg6 57. Qd5+ 1/2-1/2

[Event "Match por el titulo del Circulo PeonRey"]
[Site "?"]
[Date "2006.??.??"]
[Round "?"]
[White "Quarracino, Carlos"]
[Black "Gibson, Tomas"]
[Result "1-0"]
[WhiteElo "2244"]
[BlackElo "2175"]
[PlyCount "111"]
[EventDate "2006.10.17"]

1. e4 c6 2. d4 d5 3. Nc3 dxe4 4. Nxe4 Bf5 5. Ng3 Bg6 6. h4 h6 7. Nf3 Nd7 8. h5
Bh7 9. Bd3 Bxd3 10. Qxd3 e6 11. Bd2 Ngf6 12. O-O-O Be7 13. Ne4 O-O 14. Nxf6+
Nxf6 15. Ne5 c5 16. dxc5 Qc7 17. Qe2 Qxc5 18. Rh3 Rfd8 19. Re1 Rac8 20. Rc3 Qd5
21. Rxc8 Rxc8 22. Kb1 Rd8 23. Bc1 Bb4 24. c3 Bd6 25. f4 Bxe5 26. fxe5 Nh7 27.
Qg4 Qd3+ 28. Ka1 Kf8 29. Qb4+ Kg8 30. Qxb7 a5 31. a4 Qc2 32. Qe4 Qb3 33. Kb1
Nf8 34. Qg4 Kh7 35. Rf1 Rd7 36. Qe4+ Kg8 37. Rf3 Qd1 38. Qf4 Qh1 39. g4 Qe1 40.
Qe3 Qd1 41. Rf4 Rd5 42. Rd4 Qh1 43. Qe4 Qg1 44. Rxd5 exd5 45. Qxd5 Qxg4 46.
Qxa5 Qxh5 47. Qd5 Qf5+ 48. Ka2 Qc2 49. a5 Qxc1 50. a6 Qf1 51. Qc6 Qg1 52. Qb7
Nd7 53. Qc8+ Kh7 54. Qxd7 Qb6 55. Qb7 Qa5+ 56. Kb3 1-0